| 000 | 00493nam a2200169Ia 4500 | ||
|---|---|---|---|
| 999 |
_c35075 _d35075 |
||
| 003 | OSt | ||
| 005 | 20200205153023.0 | ||
| 008 | 190216s9999||||xx |||||||||||||| ||und|| | ||
| 040 | _coclc | ||
| 082 |
_a354.54 _bGAN/I |
||
| 100 |
_aGangadharan, T K _91824 |
||
| 245 | 0 |
_aIndian Polity / _cT K Gangadharan |
|
| 250 | _a2nd ed. | ||
| 260 |
_bCalicut University Central Co-Operative, _c2000. _aCalicut: |
||
| 300 | _a406p | ||
| 942 |
_cBK _2ddc _h354.54 _iSAN/I _k354.54 _mSAN/I |
||